| 000 | 00966cam a2200217 i 4500 | ||
|---|---|---|---|
| 005 | 20251223114540.0 | ||
| 008 | 250721r2005 jo gr 000 0 ara d | ||
| 082 | 1 | 4 |
_a218.32 _bا ب ن |
| 100 | 1 |
_aابن تيمية، تقي الدين ابو العباس احمد بن عبد الحليم _eمؤلف. |
|
| 245 | 1 | 0 |
_aيوم عاشوراء : _bفتاوي شيخ الاسلام في احكام يوم عاشوراء وما يقع فيه من البدع / _cتاليف تقي الدين ابو العباس احمد بن عبدالحليم ابن تيمية. |
| 250 | _aالطبعة الاولى. | ||
| 264 | 3 | 1 |
_aعمان : _bدار الإسراء للنشر والتوزيع، _c2005. |
| 300 | _a76صفحة. | ||
| 650 | 1 | 7 | _aالمناسبات. |
| 650 | 1 | 7 | _aالأيام. |
| 650 | 1 | 7 | _aالفضائل. |
| 650 | 1 | 7 | _aيوم عاشوراء. |
| 700 | 1 |
_aمدغمش، جمال عبد الغني _eمعد. |
|
| 942 |
_2ddc _cBK |
||
| 999 |
_c99377 _d99377 |
||